00329 a2200109 4500020001500000082001700015100001700032245008000049260003300129300003300162650002400195 a0750651032 a624.1834 NEW aNewman, John aAdvanced Concrete Technology : Constituent MaterialscEdited by John Newman aAmsterdam :bElsevier,c2003 avarious Pagesbill. ;c27 cm aconcrete Technology